000 00768nam a2200241Ia 4500
003 OSt
005 20220923212719.0
006 a|||||r|||| 00| 0
007 ta
008 220922b |||||||| |||| 00| 0 hin d
024 _a155,511
037 _cTextual
040 _aARTS
_cARTS
_bhin
041 _2hin
_ahin
082 _aO15,2:g, 152M6
100 _aअभयमित्र
_9156277
245 0 _aसंस्कृत नाटकों में प्रतिनायक
246 _aSanskṛut nāṭakoan mean pratināyaka
260 _aइलाहाबाद
_b आशु प्रकाशन
_c1986
300 _a368 पृ.
_ccm.
942 _hO15,2:g, 152M6
_cTEXL
_2CC
999 _c311015
_d311015